Statistics for Gentilités

Click here to take the quiz!

General Stats

  • This quiz has been taken 2 times
  • The average score is 4 of 195

Answer Stats

HintAnswer% Correct
AfghanistanAfghan
100%
AlgérieAlgérien
100%
AlbanieAlbanais
50%
AllemagneAllemand
50%
AndorreAndorran
50%
Afrique du SudSud-Africain
50%
Etats-UnisAméricain/Etats-unien
0%
AngolaAngolais
0%
Antigua-et-BarbudaAntiguayen
0%
ArgentineArgentin
0%
ArménieArménien
0%
AustralieAustralien
0%
AutricheAutrichien
0%
AzerbaïdjanAzéri/Azerbaïdjanais
0%
BahamasBahaméen
0%
BahreïnBahreinien
0%
BarbadeBarbadien
0%
BelgiqueBelge
0%
BelizeBélizien
0%
BangladeshBengali/Bangladais
0%
BéninBéninois
0%
BiélorussieBiélorusse
0%
MyanmarBirman
0%
Guinée-BissauBissaoguinéen
0%
BolivieBolivien
0%
Bosnie-HerzégovineBosnien
0%
BotswanaBotswanais
0%
BoutanBoutanais
0%
BrésilBrésilien
0%
Royaume-UniBritannique
0%
BruneiBrunéien
0%
BulgarieBulgare
0%
Burkina FasoBurkinabé
0%
BurundiBurundais
0%
CambodgeCambodgien
0%
CamerounCamerounais
0%
CanadaCanadien
0%
Cap-VertCap-Verdien
0%
CentrafriqueCentrafricain
0%
ChiliChilien
0%
ChineChinois
0%
Saint-Christophe-et-NiévèsChristophien
0%
ChypreChypriote
0%
ColombieColombien
0%
ComoresComorien
0%
République Démocratique du Congo | République du CongoCongolais
0%
Costa RicaCostaricain/Costaricien
0%
CroatieCroate
0%
CubaCubain
0%
DanemarkDanois
0%
DjiboutiDjiboutien
0%
République DominicaineDominicain
0%
DominiqueDominiquais
0%
EgypteEgyptien
0%
Emirats Arabes UnisEmirien/Emirati
0%
Guinée-EquatorialeEquatoguinéen
0%
EquateurEquatorien
0%
ErythréeErythréen
0%
EspagneEspagnol
0%
EstonieEstonien
0%
EswatiniEswatinien/Swatinien
0%
EthiopieEthiopien
0%
FidjiFidjien
0%
FinlandeFinlandais
0%
FranceFrançais
0%
GabonGabonais
0%
GambieGambien
0%
GéorgieGéorgien
0%
GhanaGhanéen
0%
GrèceGrec
0%
GrenadeGrenadien
0%
GuatemalaGuatémaltèque
0%
GuinéeGuinéen
0%
GuyanaGuyanien
0%
HaïtiHaïtien
0%
HondurasHondurien
0%
HongrieHongrois
0%
IndeIndien
0%
IndonésieIndonésien
0%
IrakIrakien/Iraquien
0%
IranIranien
0%
IralndeIrlandais
0%
IslandeIslandais
0%
IsraëlIsraëlien
0%
ItalieItalien
0%
Côte d'IvoireIvoirien
0%
JamaïqueJamaïcain
0%
JaponJaponais
0%
JordanieJordanien
0%
KazakhstanKazakh/Kazakhstanais
0%
KenyaKenyan
0%
KirghizistanKirghiz
0%
KiribatiKiribatien/Gilbertin
0%
KosovoKosovar/Kossovien
0%
KoweïtKoweïtien
0%
LaosLaotien
0%
LesothoLésothien
0%
LettonieLetton
0%
LibanLibanais
0%
LibériaLibérien
0%
LibyeLibyen
0%
LiechtensteinLiechtensteinois
0%
LituanieLituanien
0%
Sainte-LucieLucien/Saint-Lucien
0%
LuxembourgLuxembourgeois
0%
Macédoine du NordMacédonien
0%
MalaisieMalaisien
0%
MalawiMalawite/Malawien
0%
MaldivesMaldivien
0%
MadagascarMalgache
0%
MaliMalien
0%
MalteMaltais
0%
MarocMarocain
0%
MarshallMarshallais
0%
MauriceMauricien
0%
MauritanieMauritanien
0%
MexiqueMexicain
0%
MicronésieMicronésien
0%
MoldavieMoldave
0%
MonacoMonégasque
0%
MongolieMongol
0%
MonténégroMonténégrin
0%
MozambiqueMozambicain
0%
NamibieNamibien
0%
NauruNauran
0%
Pays-BasNéerlandais
0%
Nouvelle-ZélandeNéo-Zélandais
0%
NépalNépalais
0%
NicaraguaNicaraguayen
0%
NigériaNigérian
0%
NigerNigérien
0%
VanuatuNi-Vanuatu/Vanuatais
0%
Corée du NordNord-Coréen
0%
NorvègeNorvégien
0%
OmanOmanais
0%
OugandaOugandais
0%
OuzbékistanOuzbek
0%
PakistanPakistanais
0%
PalestinePalestinien
0%
PalaosPaluan
0%
PanamaPanaméen
0%
Papouasie-Nouvelle-GuinéePapouasien
0%
ParaguayParaguayen
0%
PérouPéruvien
0%
PhilippinesPhilippin
0%
PolognePolonais
0%
PortugalPortugais
0%
QatarQatarien/Qatari
0%
RoumanieRoumain
0%
RussieRusse
0%
RwandaRwandais
0%
Saint-MarinSaint-Marinais
0%
SalomonSalomonien/Salomonais
0%
SalvadorSalvadorien
0%
SamoaSamoan
0%
Sao Tmé-et-PrincipeSantoméen
0%
Arabie souditeSaoudien
0%
SénégalSénégalais
0%
SerbieSerbe
0%
SeychellesSeychellois
0%
Sierra LeoneSierraléonais
0%
SingapourSingapourien
0%
SlovaquieSlovaque
0%
SlovénieSlovéne
0%
SomalieSomalien
0%
SoudanSoudanais
0%
Sri LankaSrilankais
0%
Corée du SudSud-Coréen
0%
Soudan du SudSud-Soudanais
0%
SuèdeSuédois
0%
SuisseSuisse
0%
SurinameSurinamien/Surinamais
0%
SyrieSyrien
0%
TadjikistanTadjik
0%
TanzanieTanzanien
0%
TchadTchadien
0%
TchéquieTchèque
0%
ThaïlandeThaïlandais
0%
Timor-OrientalTimorais
0%
TogoTogolais
0%
TongaTongien
0%
Trinité-et-TobagoTrinidadien/Trinibagogien
0%
TunisieTunisien
0%
TurquieTurc
0%
TurkménistanTurkmène
0%
TuvaluTuvalais
0%
UkraineUkrainien
0%
UruguayUruguayen
0%
VenezuelaVénézuélien
0%
VietnamVietnamien
0%
Saint-Vincent-et-les-GrenadinesVincentais
0%
YémenYéménite
0%
ZambieZambien
0%
ZimbabaweZimbabwéen
0%

Score Distribution

Percentile by Number Answered

Percent of People with Each Score

Your Score History

You have not taken this quiz